00663 2200241 4500001002100000005001500021035002000036007000300056008004100059020001800100082001100118084001700129100001800146245007700164250001100241260004100252300001100293500006500304650002100369856001700390990000700407990000700414INLIS00000000000004720220121104146 a0010-0122000047ta220121 0 ind  a9786028225229 a001.43 a001.43 WAH s0 aWahyudin, dkk1 a99 Percobaan sehari-hari . :bbereksperimen dengan bahan-bahan sederhana aSeri 3 aJakarta :bArmandelta Selaras,c2009 a95 hlm aMengajak peserta didik untuk belajar sains lewat eksperimen. 4aPercobaan Ilmiah aKoleksi Umum a43 a44